00490nam a22001337a 4500003000500000038001800005082000800023100001700031245014400048264003300192650004100225700003300266856005700299NUST aNusrat Nadeem a200 aKhan, Samita aThe effect of employee enviropreneurial orientation on sustainable manufacturing: The role of internal and external drivers/cSamita Khan,  aIslamabad:bNBS NUST.c2025. aMS- Innovation and Entrepreneurship  aSupervisor: Dr. Adnan Waseem uhttp://10.250.8.41:8080/xmlui/handle/123456789/54483